Economic survey 1999/ (Record no. 1903)
[ view plain ]
| 000 -LEADER | |
|---|---|
| fixed length control field | 00567nam a22001817a 4500 |
| 003 - CONTROL NUMBER IDENTIFIER | |
| control field | OSt |
| 005 - DATE AND TIME OF LATEST TRANSACTION | |
| control field | 20220609080732.0 |
| 008 - FIXED-LENGTH DATA ELEMENTS--GENERAL INFORMATION | |
| fixed length control field | 160112b xxu||||| |||| 00| 0 eng d |
| 040 ## - CATALOGING SOURCE | |
| Transcribing agency | MMU |
| Original cataloging agency | MMU |
| Language of cataloging | eng |
| Modifying agency | MMU |
| 050 ## - LIBRARY OF CONGRESS CALL NUMBER | |
| Classification number | HB849.49 |
| Item number | .C68 1999 |
| 110 ## - MAIN ENTRY--CORPORATE NAME | |
| 9 (RLIN) | 310 |
| Corporate name or jurisdiction name as entry element | Central Bureau of statistics |
| 245 ## - TITLE STATEMENT | |
| Title | Economic survey 1999/ |
| Statement of responsibility, etc. | Central Buireau of Statistics. |
| 260 ## - PUBLICATION, DISTRIBUTION, ETC. (IMPRINT) | |
| Place of publication, distribution, etc. | Nairobi: |
| Name of publisher, distributor, etc. | Ministry of planning and and National Development, |
| Date of publication, distribution, etc. | 1999. |
| 300 ## - PHYSICAL DESCRIPTION | |
| Extent | 188 p. : |
| 650 ## - SUBJECT ADDED ENTRY--TOPICAL TERM | |
| Topical term or geographic name as entry element | _Economic survey in kenya |
| 700 ## - ADDED ENTRY--PERSONAL NAME | |
| Personal name | ^d20111118 09:24:39^oanne |
| 942 ## - ADDED ENTRY ELEMENTS (KOHA) | |
| Source of classification or shelving scheme | Library of Congress Classification |
| Koha item type | R |
| Withdrawn status | Lost status | Source of classification or shelving scheme | Damaged status | Not for loan | Home library | Current library | Date acquired | Source of acquisition | Total Checkouts | Full call number | Barcode | Date last seen | Price effective from | Koha item type |
|---|---|---|---|---|---|---|---|---|---|---|---|---|---|---|
| Library of Congress Classification | Maasai Mara University Library -Main Campus | Maasai Mara University Library -Main Campus | 01/12/2016 | Donation | HB849.49.C68 1995 | 201313585 | 01/12/2016 | 01/12/2016 | R | |||||
| Library of Congress Classification | Maasai Mara University Library -Main Campus | Maasai Mara University Library -Main Campus | 01/12/2016 | Donation | HB849.49.C68 1995 | 201313584 | 01/12/2016 | 01/12/2016 | R |